000
00280nam a2200121Ia 4500
008
240624s9999 xx 000 0 und d
041
_a
eng
082
_a
823 AHM
100
_a
AHMAD A X
245
_a
CARETAKER
260
_c
2013
_a
New Delhi
_b
HarperCollins India
365
_c
RS
_b
25
999
_c
22183
_d
22183